000 00236nam a22001097a 4500
008 160519b xxu||||| |||| 00| 0 eng d
020 _a0878575561
041 _aeng
080 _a61
245 _aThe Master plan :
_cThe;
942 _2udc
_cBK
999 _c2219
_d2219